Statistiques concernant Mots commençant et finissant par la même lettre

Cliquez ici pour prendre le quiz!

Statistiques générales

  • Ce quiz a été pris 488 fois
  • Le résultat moyen est 11 sur 25

Statistiques - réponses

Lettre initialeIndiceRéponse% Correct
BArbre africain d'envergureBAOBAB
95%
ASerpent de l'amérique du sudANACONDA
84%
GPrison soviétiqueGOULAG
83%
ZChanteuse françaiseZAZ
73%
LLicite, permisLEGAL
72%
KEmbarcation inuitKAYAK
70%
NGaz rareNEON
68%
QNonante moins cinqQUATRE-VINGT-CINQ
61%
TVirageTOURNANT
56%
DPersonnage d'HergéDUPOND
52%
FQui passe rapidement, presque inaperçuFURTIF
52%
ISans limitesINFINI
50%
RPartie tournante d'une machineROTOR
43%
PJeune femme au physique agréablePIN-UP
34%
WCapitale de la Pologne... en anglaisWARSAW
33%
CMaître, guide et soigneur d'un l'éléphantCORNAC
32%
XEntreprise ayant inventé les premières imprimantesXEROX
32%
HDrogue douceHASCHICH
31%
SFonction mathématiqueSINUS
29%
EAtténuation d'une expressionEUPHEMISME
26%
UPetit vautour d'Amérique tropicaleURUBU
23%
MElement chimique, du nom du créateur du Tableau périodiqueMENDELEVIUM
15%
OGenre musical sacréORATORIO
11%
VNom du danseur russe dont le prénom est VladimirVASSILIEV
2%
YFormation de la cavalerie anglaise du XVIIIe siècleYEOMANRY
1%

Distribution des résultats

Percentile par nombre de réponses

% des personnes avec chaque résultat

Votre développement - résultats

Vous n’avez pas pris ce quiz